00597 2200193 4500001002100000008004100021035002000062245009400082100002100176260005700197300002800254020002200282084001800304520002600322082001100348650002000359990001200379990001200391INLIS000000000015053 ind  a0010-1222000132 aDahsyatnya Doa IstricD.A. Pakih Sati;penyunting, Syaiful M.H., Endanf R, Erlina Z. Zachi aD.A. PAKIH, Sati aCinta Menebar Cinta Menuai HikmahbSurakarta :c2018 a151 hlm.: ilus.c21 cm. a978-602-317-021-0 a297.541 DEN d aBibliografi.: 151 hlm a297541 aISLAM.DOA ISTRI a10261 a a10261 b